Štvrtý rozmer podnikania - etika pre manažérov, pre školy, pre každého

Salvato in:
Dettagli Bibliografici
Autore principale: Luknič, Arnold Steve
Natura: Libro
Lingua:slovacco
Pubblicazione: Bratislava SAP 1994
Soggetti:
Tags: Aggiungi Tag
Nessun Tag, puoi essere il primo ad aggiungerne!!

MARC

LEADER 00000nam a2200000 4500
001 c005938
005 20221128074136.4
020 |a 80-85665-30-1 
041 0 |a slo 
044 |a SK 
245 1 0 |a Štvrtý rozmer podnikania - etika  |b pre manažérov, pre školy, pre každého  |c Arnold S. Luknič 
264 1 |a Bratislava  |b SAP  |c 1994 
300 |a 342 s. 
610 2 0 |a etika 
610 2 0 |a podnikanie 
610 2 0 |a manažéri 
610 2 0 |a etika podnikateľská 
610 2 0 |a kultúra podniková 
610 2 0 |a etika podniková 
610 2 0 |a Japonsko 
100 1 |a Luknič, Arnold Steve